The history and development of artificial stone (Record no. 82844)

MARC details
000 -LEADER
fixed length control field 00659cab a22001935a 4500
001 - CONTROL NUMBER
control field L151702
008 - FIXED-LENGTH DATA ELEMENTS--GENERAL INFORMATION
fixed length control field 101202s2010 xxk f s 000 0 eng d
035 ## - SYSTEM CONTROL NUMBER
System control number (Sirsi) u151702
041 0# - LANGUAGE CODE
Language code of text/sound track or separate title eng
100 1# - MAIN ENTRY--PERSONAL NAME
Personal name Sharpe, Geoffrey
245 04 - TITLE STATEMENT
Title The history and development of artificial stone
260 ## - PUBLICATION, DISTRIBUTION, ETC.
Date of publication, distribution, etc. 2010
490 #0 - SERIES STATEMENT
Series statement Building Engineer
Volume/sequential designation 85(12) December 2010, 30-31(2)
520 ## - SUMMARY, ETC.
Summary, etc. Outlines the different types of artificial stone in the United Kingdom; composition, development and use; artificial clay stone; cast stone.
590 ## - LOCAL NOTE (RLIN)
Local note KA
651 #4 - SUBJECT ADDED ENTRY--GEOGRAPHIC NAME
Geographic name England and Wales
Chronological subdivision 1543-
690 ## - LOCAL SUBJECT ADDED ENTRY--TOPICAL TERM (OCLC, RLIN)
Topical term or geographic name as entry element BUILT ENVIRONMENT-BUILDING MATERIALS-STONE
942 ## - ADDED ENTRY ELEMENTS (KOHA)
Suppress in OPAC 0
Holdings
Withdrawn status Lost status Source of classification or shelving scheme Damaged status Not for loan Home library Current library Shelving location Date acquired Total Checkouts Full call number Barcode Date last seen Copy number Price effective from Koha item type
    Dewey Decimal Classification     London London Journal article 02/12/2010   L151702 151702-1001 06/08/2019 1 06/08/2019 Journal article